[Event "YUG-ch (Women)"]
[Site "Smederevo"]
[Date "1994.04.24"]
[Round "6"]
[White "Ivanisevic, Dusica"]
[Black "Bosnic, Ljiljana"]
[Result "1-0"]
[WhiteElo "2160"]
[BlackElo "2030"]
[PlyCount "119"]
[EventDate "1994.04.18"]
[EventType "swiss"]
[EventRounds "10"]
[EventCountry "YUG"]
[SourceTitle "EXT 2018"]
[Source "ChessBase"]
[SourceDate "2017.10.13"]
[SourceVersion "1"]
[SourceVersionDate "2017.10.13"]
[SourceQuality "1"]

1. Nf3 Nf6 2. c4 g6 3. g3 Bg7 4. Bg2 0-0 5. d4 d6 6. 0-0 Nbd7 7. Nc3 c6 8. h3 e5 9. e4 Re8 10. Re1 exd4 11. Nxd4 a5 12. Be3 Nc5 13. Qc2 Qe7 14. Rad1 a4 15. f4 Nfd7 16. Bf2 Qf6 17. Kh2 Nf8 18. Nde2 Qe6 19. Bxc5 dxc5 20. Nxa4 Qe7 21. b3 Ne6 22. e5 h5 23. Nb6 Rb8 24. h4 Bh6 25. Qe4 Nd4 26. Nxd4 cxd4 27. Nxc8 Rbxc8 28. Rxd4 Qa3 29. Re2 Bf8 30. Rd7 Rcd8 31. Red2 Rxd7 32. Rxd7 Re7 33. Rxe7 Bxe7 34. e6 f5 35. Qe5 Qd6 36. Qe2 Kg7 37. a4 Qd4 38. a5 Qc3 39. a6 bxa6 40. Bxc6 a5 41. Qd1 Qb4 42. Qd4+ Bf6 43. Qa7+ Be7 44. Bd5 Qc5 45. Qd7 Qa3 46. Kh3 Qb4 47. Qe8 Qd6 48. Qf7+ Kh6 49. Qg8 Qd8 50. Qxd8 Bxd8 51. c5 Kg7 52. Kg2 Kf8 53. Kf3 Be7 54. c6 Bd6 55. Ke3 Ke7 56. Kd4 Bb8 57. Kc5 Bc7 58. Kb5 Kd6 59. Ka6 Ke7 60. Kb7 1-0

[Event "YUG-chT 40th"]
[Site "Brezovica"]
[Date "1988.??.??"]
[Round "?"]
[White "Bosnic, Ljiljana"]
[Black "Mijic, Mira"]
[Result "1-0"]
[WhiteElo "2065"]
[BlackElo "2085"]
[PlyCount "75"]
[EventDate "1988.??.??"]
[EventType "team"]
[EventRounds "9"]
[EventCountry "YUG"]
[SourceTitle "EXT 2009"]
[Source "ChessBase"]
[SourceDate "2008.11.26"]
[SourceVersion "1"]
[SourceVersionDate "2008.11.26"]
[SourceQuality "1"]

1. e4 c5 2. Nf3 d6 3. c3 Nf6 4. h3 Nc6 5. Bd3 Qc7 6. Qe2 a6 7. a4 e6 8. 0-0 Be7 9. Bc2 Bd7 10. Na3 0-0 11. d3 Rab8 12. Bf4 b5 13. axb5 axb5 14. d4 e5 15. Bg3 c4 16. Rad1 Rfd8 17. Bb1 Be8 18. Rd2 Nd7 19. Nc2 Nb6 20. Ne3 exd4 21. cxd4 Na4 22. Nd5 Qb7 23. Rfd1 Na5 24. Nxe7+ Qxe7 25. e5 dxe5 26. Bxe5 Rb6 27. Qe4 g6 28. Qf4 Nb3 29. Rc2 Rd5 30. Re1 Qf8 31. Rce2 f6 32. Bc7 Bf7 33. Bxb6 Nxb6 34. Qxf6 Rd6 35. Qh4 Nd5 36. Ng5 Qg7 37. Re8+ Bxe8 38. Rxe8+ 1-0

[Event "YUG-chT 40th"]
[Site "Brezovica"]
[Date "1988.??.??"]
[Round "?"]
[White "Bosnic, Ljiljana"]
[Black "Vospernik, Mira"]
[Result "1-0"]
[WhiteElo "2065"]
[BlackElo "2175"]
[PlyCount "98"]
[EventDate "1988.??.??"]
[EventType "team"]
[EventRounds "9"]
[EventCountry "YUG"]
[SourceTitle "EXT 2009"]
[Source "ChessBase"]
[SourceDate "2008.11.26"]
[SourceVersion "1"]
[SourceVersionDate "2008.11.26"]
[SourceQuality "1"]

1. e4 d6 2. d4 g6 3. Nc3 Nf6 4. Bg5 Bg7 5. e5 Ng4 6. Be2 f6 7. Bh4 Nh6 8. f4 c6 9. Nf3 d5 10. Qd2 0-0 11. h3 b5 12. 0-0 Nf7 13. Bd3 Na6 14. Ne2 Nc7 15. Qe1 f5 16. Qa5 Re8 17. a4 Bd7 18. axb5 Nxb5 19. Nd2 Qxa5 20. Rxa5 a6 21. Rfa1 Bc8 22. Bxb5 cxb5 23. Rxb5 axb5 24. Rxa8 e6 25. Nb3 h6 26. Be1 Bd7 27. Rxe8+ Bxe8 28. Nc5 Nd8 29. Bh4 Nc6 30. Nxe6 Kf7 31. Nc7 g5 32. Bf2 Bd7 33. Nxd5 Be6 34. Nb6 Ne7 35. Nc3 b4 36. Nb5 Nd5 37. Nd6+ Kg6 38. Nxd5 Bxd5 39. fxg5 hxg5 40. Be1 b3 41. c4 Bc6 42. Bc3 Bf8 43. d5 Ba4 44. c5 Be7 45. Bd4 g4 46. c6 Bd8 47. Nb7 Bc7 48. Nc5 Bb5 49. Ne6 Ba5 1-0